[Event "GER-chT U12 Girls"]
[Site "Magdeburg"]
[Date "2023.12.28"]
[Round "3.1"]
[White "Will, Elina"]
[Black "John, Linnea"]
[Result "1/2-1/2"]
[WhiteElo "1325"]
[BlackElo "1393"]
[PlyCount "52"]
[EventDate "2023.12.26"]
[EventType "team-swiss"]
[EventRounds "7"]
[EventCountry "GER"]
[SourceTitle "CB03_2024"]
[SourceDate "2024.01.17"]
[SourceVersion "1"]
[SourceVersionDate "2024.01.17"]
[SourceQuality "1"]
[WhiteTeam "Bad Homburg"]
[BlackTeam "Weisse Dame"]
[WhiteTeamCountry "GER"]
[BlackTeamCountry "GER"]

1. e4 c5 2. Nf3 Nc6 3. d4 cxd4 4. Nxd4 g6 5. Nc3 Bg7 6. Be3 Nf6 7. Bc4 Qa5 8. 0-0 0-0 9. h3 d6 10. a3 Bd7 11. Nb3 Qc7 12. Qd2 Ne5 13. Be2 Bc6 14. f4 Ned7 15. Bd3 b6 16. f5 Ne5 17. Rae1 d5 18. exd5 Nxd5 19. Nxd5 Bxd5 20. Bf4 Bxb3 21. cxb3 Qc5+ 22. Be3 Qd5 23. Bc2 Qxd2 24. Bxd2 Rac8 25. Bc3 Nc6 26. Bxg7 Kxg7 1/2-1/2

[Event "GER-chT U12 Girls"]
[Site "Magdeburg"]
[Date "2023.12.27"]
[Round "2.5"]
[White "Shakhimardanova, Nigina"]
[Black "Will, Elina"]
[Result "0-1"]
[WhiteElo "1067"]
[BlackElo "1325"]
[PlyCount "116"]
[EventDate "2023.12.26"]
[EventType "team-swiss"]
[EventRounds "7"]
[EventCountry "GER"]
[SourceTitle "CB03_2024"]
[SourceDate "2024.01.17"]
[SourceVersion "1"]
[SourceVersionDate "2024.01.17"]
[SourceQuality "1"]
[WhiteTeam "Duesseldorf SK"]
[BlackTeam "Bad Homburg"]
[WhiteTeamCountry "GER"]
[BlackTeamCountry "GER"]

1. e4 d5 2. exd5 Nf6 3. Nf3 Nxd5 4. d4 Bf5 5. Bd3 Qd7 6. Nc3 Nb4 7. 0-0 Nxd3 8. cxd3 Nc6 9. d5 Nb4 10. Ne5 Qd6 11. d4 Nxd5 12. Qf3 e6 13. Bf4 Nxf4 14. Qxf4 f6 15. Rad1 fxe5 16. dxe5 Qc6 17. Rd2 Be7 18. Rfd1 0-0 19. Rd7 Bc5 20. Qg3 Bg6 21. R7d2 Rae8 22. Kh1 Re7 23. a4 a6 24. b3 Ref7 25. Rf1 Qb6 26. f3 Qxb3 27. f4 Qc4 28. Rfd1 Qxf4 29. Qxf4 Rxf4 30. h3 Rf1+ 31. Rxf1 Rxf1+ 32. Kh2 Bb4 33. Rd8+ Rf8 34. Rxf8+ Kxf8 35. Ne2 Bd3 36. Nd4 Ke7 37. Kg3 Bc3 38. Nb3 Bxe5+ 39. Kf3 Bc4 40. Nd2 Bd5+ 41. Kf2 Bf4 42. Nb1 Bb3 43. Nc3 Be5 44. Nb1 Bxa4 45. g4 Bc2 46. Nd2 b5 47. h4 c5 48. g5 c4 49. Ne4 Bxe4 50. h5 c3 51. Ke2 c2 52. Ke3 c1Q+ 53. Kxe4 Qf4+ 54. Kd3 Qc4+ 55. Kd2 Bf4+ 56. Ke1 Qc2 57. g6 Bg3+ 58. Kf1 Qf2# 0-1

[Event "GER-ch U12 Girls"]
[Site "Willingen"]
[Date "2023.06.01"]
[Round "7"]
[White "Will, Elina"]
[Black "Xiao, Yiyi"]
[Result "0-1"]
[WhiteElo "1431"]
[BlackElo "1267"]
[PlyCount "136"]
[EventDate "2023.05.27"]
[EventType "swiss"]
[EventRounds "9"]
[EventCountry "GER"]
[SourceTitle "CBM 214 Extra"]
[Source "ChessBase"]
[SourceDate "2023.07.31"]
[SourceVersion "1"]
[SourceVersionDate "2023.07.31"]
[SourceQuality "1"]

1. e4 e5 2. Nf3 Nc6 3. c3 Nf6 4. d4 exd4 5. e5 Nd5 6. cxd4 d6 7. Bc4 Nb6 8. Bb3 dxe5 9. Nxe5 Nxe5 10. dxe5 Qxd1+ 11. Bxd1 Bc5 12. 0-0 Bd7 13. Bb3 Be6 14. Nc3 0-0-0 15. Bg5 Rd7 16. Rfd1 Bxb3 17. axb3 Rxd1+ 18. Rxd1 h6 19. Bh4 g5 20. Bg3 Rd8 21. Rxd8+ Kxd8 22. Kf1 Bd4 23. Ke2 Kd7 24. Kd3 c5 25. Ke4 Ke6 26. f4 f5+ 27. exf6 Kxf6 28. fxg5+ hxg5 29. Kf3 Kf5 30. h3 Nd7 31. Bh2 a6 32. Ne4 b5 33. Bd6 c4 34. bxc4 bxc4 35. Nc3 Ne5+ 36. Bxe5 Bxe5 37. g4+ Ke6 38. Ke4 a5 39. Na4 Bf6 40. Nc5+ Kd6 41. Nb7+ Kc6 42. Nxa5+ Kb5 43. b4 Kxb4 44. Nc6+ Ka3 45. Na5 c3 46. Kd3 Kb4 47. Nc6+ Kb5 48. Na7+ Kc5 49. Nc8 Kb4 50. Kc2 Kc5 51. Kd3 Kb4 52. Kc2 Kc4 53. Nd6+ Kd4 54. Nf5+ Ke4 55. Nd6+ Kf4 56. Kd3 Be7 57. Ne4 c2 58. Kxc2 Kxe4 59. Kd2 Kf3 60. Kd1 Kg3 61. Ke1 Kxh3 62. Kf1 Kxg4 63. Kg2 Kh4 64. Kh2 g4 65. Kg2 g3 66. Kg1 Kh3 67. Kh1 g2+ 68. Kg1 Bc5# 0-1

[Event "GER-ch U12 Girls"]
[Site "Willingen"]
[Date "2023.05.30"]
[Round "4"]
[White "Will, Elina"]
[Black "Boerner, Emma Charlotte"]
[Result "1-0"]
[WhiteElo "1431"]
[BlackElo "990"]
[PlyCount "119"]
[EventDate "2023.05.27"]
[EventType "swiss"]
[EventRounds "9"]
[EventCountry "GER"]
[SourceTitle "CBM 214 Extra"]
[Source "ChessBase"]
[SourceDate "2023.07.31"]
[SourceVersion "1"]
[SourceVersionDate "2023.07.31"]
[SourceQuality "1"]

1. e4 c5 2. Nf3 Nc6 3. d4 cxd4 4. Nxd4 Nf6 5. Nc3 e5 6. Ndb5 a6 7. Nd6+ Bxd6 8. Qxd6 Qe7 9. Qxe7+ Nxe7 10. f4 d6 11. Bc4 0-0 12. 0-0 Bg4 13. h3 Rac8 14. Bxa6 bxa6 15. hxg4 Nxg4 16. Rf3 f5 17. Rg3 exf4 18. Bxf4 Ng6 19. Bxd6 Rf6 20. exf5 Rxd6 21. Rxg4 Ne5 22. Rf4 Rcd8 23. Re1 Nc4 24. Rxc4 Rd2 25. Re2 Rxe2 26. Nxe2 Rd1+ 27. Kf2 Kf7 28. Rc6 a5 29. Ra6 Rd5 30. g4 h5 31. Kf3 hxg4+ 32. Kxg4 Rd2 33. Rxa5 Rxe2 34. Rc5 Rg2+ 35. Kf3 Rg1 36. a4 Rf1+ 37. Ke4 Re1+ 38. Kd5 Kf6 39. Kd6 Rd1+ 40. Kc6 Ke7 41. Rd5 Rc1 42. c3 Ra1 43. a5 Ra4 44. Kb5 Ra2 45. b4 Ra3 46. c4 Rh3 47. a6 Rh8 48. a7 Kf6 49. Kb6 Re8 50. Rc5 Rd8 51. Kb7 Rd7+ 52. Rc7 Rxc7+ 53. Kxc7 Kxf5 54. a8Q g5 55. Qf3+ Kg6 56. Kd6 Kh6 57. Ke6 Kg6 58. Qg4 Kh6 59. Kf7 Kh7 60. Qh5# 1-0

[Event "GER-ch U12 Girls"]
[Site "Willingen"]
[Date "2022.06.10"]
[Round "8"]
[White "Will, Elina"]
[Black "Nalam, Mokshadha"]
[Result "1/2-1/2"]
[WhiteElo "1333"]
[BlackElo "1185"]
[PlyCount "49"]
[EventDate "2022.06.04"]
[EventType "swiss"]
[EventRounds "9"]
[EventCountry "GER"]
[SourceTitle "CBM 208 Extra"]
[Source "ChessBase"]
[SourceDate "2022.07.31"]
[SourceVersion "1"]
[SourceVersionDate "2022.07.31"]
[SourceQuality "1"]

1. e4 d6 2. d4 Nf6 3. Nc3 g6 4. Be3 c6 5. Bd3 Bg7 6. f3 b5 7. a3 Nbd7 8. Nge2 Bb7 9. Qd2 a5 10. 0-0 0-0 11. Bh6 e5 12. b4 Qb6 13. Be3 Qc7 14. Rfd1 axb4 15. axb4 Nb6 16. Bf2 Nc4 17. Bxc4 bxc4 18. dxe5 dxe5 19. Bc5 Rfd8 20. Rxa8 Rxa8 21. Qd6 Qxd6 22. Bxd6 h6 23. g4 g5 24. h3 Nh7 25. Kg2 1/2-1/2

[Event "Heusenstamm Sparkassen op U14 7th"]
[Site "Heusenstamm"]
[Date "2021.11.21"]
[Round "7.12"]
[White "Glavev, Danail"]
[Black "Will, Elina"]
[Result "0-1"]
[WhiteElo "929"]
[BlackElo "1224"]
[PlyCount "100"]
[EventDate "2021.11.19"]
[EventType "swiss"]
[EventRounds "7"]
[EventCountry "GER"]
[SourceTitle "EXT 2023"]
[Source "ChessBase"]
[SourceDate "2022.10.05"]
[SourceVersion "1"]
[SourceVersionDate "2022.10.05"]
[SourceQuality "1"]

1. e4 d5 2. exd5 Nf6 3. Nc3 Nxd5 4. Bc4 Be6 5. Bxd5 Bxd5 6. Nf3 Bxf3 7. Qxf3 Nc6 8. d3 e5 9. 0-0 Bc5 10. Be3 Bb6 11. Qg3 0-0 12. Bxb6 axb6 13. f4 exf4 14. Rxf4 Qd6 15. Ne4 Qd4+ 16. Kh1 Qxb2 17. Raf1 f5 18. Ng5 Rxa2 19. Qh3 h6 20. Rxf5 Rf6 21. g3 Ra1 22. Ne4 Rxf5 23. Qxf5 Rxf1+ 24. Qxf1 Qxc2 25. Qf5 Ne7 26. Qd7 Kf7 27. Qd4 Qd1+ 28. Kg2 Qe2+ 29. Qf2+ Qxf2+ 30. Kxf2 b5 31. Ke2 Nd5 32. g4 b4 33. h3 Nc3+ 34. Nxc3 bxc3 35. Kd1 b5 36. Kc2 b4 37. Kb3 c5 38. h4 g5 39. h5 Ke6 40. Kc2 Kd5 41. Kb3 Kd4 42. Kc2 Ke3 43. Kc1 Kxd3 44. Kd1 c2+ 45. Kc1 b3 46. Kb2 Kd2 47. Kxb3 c1Q 48. Ka4 Qb2 49. Ka5 Qb7 50. Ka4 Qb4# 0-1

[Event "Heusenstamm Sparkassen op U14 7th"]
[Site "Heusenstamm"]
[Date "2021.11.21"]
[Round "5.4"]
[White "Snover, Tom"]
[Black "Will, Elina"]
[Result "1/2-1/2"]
[WhiteElo "1491"]
[BlackElo "1224"]
[PlyCount "68"]
[EventDate "2021.11.19"]
[EventType "swiss"]
[EventRounds "7"]
[EventCountry "GER"]
[SourceTitle "EXT 2023"]
[Source "ChessBase"]
[SourceDate "2022.10.05"]
[SourceVersion "1"]
[SourceVersionDate "2022.10.05"]
[SourceQuality "1"]

1. e4 d5 2. exd5 Nf6 3. Bc4 Nxd5 4. d3 e5 5. Nf3 Bg4 6. h3 Bxf3 7. Qxf3 c6 8. Nc3 Bb4 9. Bd2 Qa5 10. 0-0 0-0 11. Nxd5 cxd5 12. Bxb4 Qxb4 13. Bxd5 Nc6 14. Bb3 a5 15. a3 Qb6 16. Qe3 Nd4 17. a4 Qc7 18. Rac1 Kh8 19. Rfe1 Rfe8 20. Bc4 f5 21. c3 f4 22. Qe4 Nc6 23. Re2 Re7 24. Qf5 Qd6 25. Rce1 Rae8 26. Bb5 g6 27. Qe4 Kg7 28. Bxc6 bxc6 29. Qc4 Qd5 30. Qxd5 cxd5 31. g3 g5 32. gxf4 gxf4 33. f3 Kf6 34. Kf2 Kf5 1/2-1/2

[Event "Heusenstamm Sparkassen op U14 7th"]
[Site "Heusenstamm"]
[Date "2021.11.19"]
[Round "1.17"]
[White "Will, Elina"]
[Black "Biallas, Flynn"]
[Result "0-1"]
[WhiteElo "1224"]
[BlackElo "832"]
[PlyCount "42"]
[EventDate "2021.11.19"]
[EventType "swiss"]
[EventRounds "7"]
[EventCountry "GER"]
[SourceTitle "EXT 2023"]
[Source "ChessBase"]
[SourceDate "2022.10.05"]
[SourceVersion "1"]
[SourceVersionDate "2022.10.05"]
[SourceQuality "1"]

1. e4 e5 2. Nf3 Nc6 3. d4 exd4 4. Nxd4 Nf6 5. Nc3 Bb4 6. Nxc6 bxc6 7. Bd2 Bxc3 8. Bxc3 Nxe4 9. Bxg7 Rg8 10. Bd4 c5 11. Qe2 Qe7 12. Bxc5 Nxc5 13. Qxe7+ Kxe7 14. 0-0-0 Ba6 15. c4 Bb7 16. f3 Rab8 17. b4 Ne6 18. a3 c5 19. b5 a6 20. a4 axb5 21. axb5 Ra8 0-1

[Event "GER-ch U10 Girls"]
[Site "Willingen"]
[Date "2021.08.24"]
[Round "4"]
[White "Mader, Theresa"]
[Black "Will, Elina"]
[Result "0-1"]
[WhiteElo "1078"]
[BlackElo "1181"]
[PlyCount "132"]
[EventDate "2021.08.22"]
[EventType "swiss"]
[EventRounds "11"]
[EventCountry "GER"]
[SourceTitle "EXT 2022"]
[Source "ChessBase"]
[SourceDate "2021.10.06"]
[SourceVersion "1"]
[SourceVersionDate "2021.10.06"]
[SourceQuality "1"]

1. e4 d5 2. Nc3 d4 3. Nce2 e5 4. d3 Nf6 5. f4 Bd6 6. Nf3 Nbd7 7. g3 c5 8. Bg2 0-0 9. 0-0 b6 10. Bd2 Bb7 11. Nh4 Ng4 12. Nf5 Be7 13. Bh3 Ngf6 14. Qe1 Rc8 15. Qf2 c4 16. Rac1 cxd3 17. cxd3 Rxc1 18. Rxc1 Nc5 19. Qf3 Ba6 20. fxe5 Ne8 21. Nexd4 Bb7 22. Bf4 Ne6 23. Nxe6 fxe6 24. Nd4 Qxd4+ 25. Kh1 g5 26. Bxe6+ Kh8 27. Be3 Rxf3 28. Bxd4 Rxd3 29. Rc4 Bxe4+ 30. Kg1 Rxd4 31. Rxd4 Bc5 32. Bf7 Bxd4+ 33. Kf1 Bxe5 34. Bxe8 Bxb2 35. Bf7 Kg7 36. Bc4 Kf6 37. Kf2 Ke5 38. Ke3 Bd4+ 39. Ke2 Bg1 40. h3 Bh2 41. g4 Bg2 42. Kf2 Bxh3 43. Kf3 h6 44. Bf7 Bf1 45. Kf2 Bd3 46. Ke3 Be4 47. Bc4 Bf4+ 48. Kf2 Bg6 49. Be2 Kd4 50. Kf1 Bd3 51. Kf2 Be3+ 52. Ke1 Bxe2 53. Kxe2 b5 54. Kd1 Kc3 55. Ke2 Kb2 56. Kxe3 Kxa2 57. Kd3 b4 58. Kc2 b3+ 59. Kd3 b2 60. Kd4 b1Q 61. Ke5 Qg6 62. Kd5 Kb3 63. Kd4 Qe6 64. Kc5 Kc3 65. Kb5 Qb6+ 66. Ka4 Qb4# 0-1

[Event "GER-ch U10 Girls"]
[Site "Willingen"]
[Date "2020.10.30"]
[Round "6"]
[White "Neininger, Sarah"]
[Black "Will, Elina"]
[Result "1-0"]
[WhiteElo "1469"]
[BlackElo "1149"]
[PlyCount "101"]
[EventDate "2020.10.26"]
[EventType "swiss"]
[EventRounds "7"]
[EventCountry "GER"]
[SourceTitle "CBM 199 Extra"]
[Source "ChessBase"]
[SourceDate "2021.01.31"]
[SourceVersion "1"]
[SourceVersionDate "2021.01.31"]
[SourceQuality "1"]

1. e4 d5 2. exd5 Nf6 3. d4 Nxd5 4. c4 Nf6 5. Nf3 e6 6. Be3 b6 7. Nc3 Bb7 8. Be2 Nbd7 9. 0-0 g6 10. Qd2 Qe7 11. Bh6 0-0-0 12. Bxf8 Rhxf8 13. d5 Kb8 14. Rad1 Rfe8 15. d6 Qxd6 16. Qxd6 cxd6 17. Rxd6 Nc5 18. Nb5 Na4 19. b3 Nc5 20. Rfd1 Rxd6 21. Nxd6 Re7 22. Nxb7 Nxb7 23. Ne5 Nc5 24. Nc6+ Kc7 25. Nxe7 a6 26. Bf3 Nce4 27. Bxe4 Nxe4 28. Ng8 Nc3 29. Rd2 Nb1 30. Rb2 Nc3 31. Nf6 b5 32. cxb5 axb5 33. Rc2 b4 34. a3 Kb6 35. axb4 Nd5 36. Nxd5+ exd5 37. Kf1 f5 38. Ke2 d4 39. Kd3 h5 40. Kxd4 h4 41. Kd5 Kb7 42. b5 Kb6 43. b4 Kxb5 44. Kd4 Kxb4 45. Rb2+ Ka3 46. Rb8 Ka4 47. Kc5 Ka3 48. Kc4 Ka2 49. Kc3 Ka1 50. Kc2 g5 51. Ra8# 1-0